World in the Answers - Statistics

General Stats
  • This quiz has been taken 62,303 times
    21,010 since last reset
  • The average score is 13 of 20
Answer Stats
Clue Answer % Correct
Event won by Argentina in 2022 FIFA World Cup
98%
One started in 1914, another in 1939 World war
98%
Accomplishment tracked by Guinness World record
95%
New York buildings also known as the Twin Towers World Trade Center
92%
Where Phileas Fogg tried to go in 80 days Around the world
77%
Movie starring Chris Pratt as a dinosaur trainer Jurassic World
77%
Orlando attraction Disney World
75%
What you say when randomly encountering your neighbor in a faraway place Small world
70%
The oldest existing international beauty pageant Miss World
67%
Another name for Hades Underworld
67%
What the song "Imagine" was about World peace
65%
Suicidal words : goodbye _____ _____ Cruel world
63%
Major League Baseball championship World Series
63%
The Western Hemisphere New World
51%
Countries not aligned with either NATO or the Warsaw Pact Third World
50%
Event where countries have pavilions World's Fair
49%
Organization that provides loans to developing countries World Bank
44%
Christmas song : "let heaven and nature sing" Joy to the World
38%
Movie starring Mike Myers and Dana Carvey Wayne's World
36%
To have ennui is to be ... World weary
19%
No matching quizzes found
Score Distribution
Percent of People with Each Score
Percentile by Number Answered
Your Score History
You have not taken this quiz since the last reset